La zoccola etica : guida pratica al poliamore, alle relazioni aperte e altre avventure /
Guardat en:
| Autor principal: | |
|---|---|
| Altres autors: | , |
| Format: | Llibre |
| Idioma: | italià |
| Publicat: |
Bologna :
Odoya,
2023
|
| Col·lecció: | Odoya off
|
| Etiquetes: |
Sense etiquetes, Sigues el primer a etiquetar aquest registre!
|
MARC
| LEADER | 00000nam a22000007i 4500 | ||
|---|---|---|---|
| 001 | IT\ICCU\PCM\0037931 | ||
| 003 | ItRI | ||
| 005 | 20260115232126.0 | ||
| 008 | 230921s2023 it |||||| ||||| |||||c | ||
| 020 | |a 9788862887991 | ||
| 040 | |b ita |c importazione bologna sebina | ||
| 041 | 7 | |a ita |2 ISO-639-2 | |
| 100 | 1 | |a Easton, Dossie |0 IT\ICCU\UBOV\941915 | |
| 240 | 1 | 4 | |a The ethical slut. A practical guide to polyamory, open relationships & other adventures |3 IT\ICCU\LO1\1509406 |9 Easton, Dossie |
| 245 | 1 | 3 | |a La zoccola etica : |b guida pratica al poliamore, alle relazioni aperte e altre avventure / |c Dossie Easton, Janet Hardy ; traduzione di Giorgia Morselli. |
| 260 | |a Bologna : |b Odoya, |c 2023 | ||
| 300 | |a 410 p. ; |c 21 cm | ||
| 700 | 1 | |a Hardy, Janet W. |0 IT\ICCU\LO1V\413918 | |
| 700 | 1 | |a Morselli, Giorgia |0 IT\ICCU\LO1V\350509 |4 trl | |
| 830 | 0 | |a Odoya off |0 IT\ICCU\RT1\0167736 | |
| 942 | |2 ddc |c BK |n 0 | ||
| 952 | |0 0 |1 0 |4 0 |6 DOC_306_770000000000000_EAS |7 0 |9 20487 |a BO |b BO |d 2026-01-15 |i 20237 |l 0 |o DOC 306.77 EAS |p BO20237 |r 2026-01-15 23:21:26 |w 2026-01-15 |x [Sebina 5] [1 v.] |y BK |z 1 v. | ||
| 999 | |c 17487 |d 17487 | ||